| 000 | 00876nam a22002177a 4500 | ||
|---|---|---|---|
| 005 | 20170706115030.0 | ||
| 010 | _a1617EN | ||
| 020 |
_a9789385288647 _c399.00 |
||
| 035 | _aB-651256-263 | ||
| 035 | _aB-664688 | ||
| 037 |
_adpl _bBSB |
||
| 082 | _aS | ||
| 100 | _aShekhar, Hansda Sowvendra | ||
| 245 |
_aThe adivasi will not dance : _cby Hansda Sowvendra Shekhar _bstories / |
||
| 260 |
_aNew Delhi _bSpeaking Tiger _c2015 |
||
| 270 |
_a4381/4, Ansari Road, Darya Ganj, _bNew Delhi _e110002 |
||
| 300 |
_a189p. _c21cm(Hb) |
||
| 942 |
_2ddc _cEN _mSHE _hS |
||
| 999 |
_c102155 _d102155 |
||